<?xml version="1.0" encoding="UTF-8"?>
<record
    xmlns:xsi="http://www.w3.org/2001/XMLSchema-instance"
    xsi:schemaLocation="http://www.loc.gov/MARC21/slim http://www.loc.gov/standards/marcxml/schema/MARC21slim.xsd"
    xmlns="http://www.loc.gov/MARC21/slim">

  <leader>06189nam a2200397 a 4500</leader>
  <controlfield tag="003">CHAP</controlfield>
  <controlfield tag="005">20250110170959.0</controlfield>
  <controlfield tag="007">ta</controlfield>
  <controlfield tag="008">240202s2023    mx abdofom||| 001 0 spa d</controlfield>
  <datafield tag="040" ind1=" " ind2=" ">
    <subfield code="e">rda</subfield>
  </datafield>
  <datafield tag="041" ind1=" " ind2=" ">
    <subfield code="a">spa</subfield>
    <subfield code="b">eng</subfield>
  </datafield>
  <datafield tag="100" ind1="1" ind2=" ">
    <subfield code="9">185643</subfield>
    <subfield code="a">Camarillo &#xC1;lvarez, Sandra</subfield>
  </datafield>
  <datafield tag="240" ind1="1" ind2="0">
    <subfield code="a">Microbiological and physicochemical quality of quesillo cheese from Reyes, Etla, Oaxaca during its shelf life.</subfield>
    <subfield code="l">Espa&#xF1;ol</subfield>
  </datafield>
  <datafield tag="245" ind1="1" ind2="0">
    <subfield code="a">Calidad microbiol&#xF3;gica y fisicoqu&#xED;mica del quesillo de Reyes, Etla, Oaxaca durante su vida de anaquel /</subfield>
    <subfield code="c">Sandra Camarillo Alvarez y Karol Yesenia Mart&#xED;nez Santiago</subfield>
  </datafield>
  <datafield tag="264" ind1=" " ind2="1">
    <subfield code="a">Chapingo, M&#xE9;xico :</subfield>
    <subfield code="b">El autor,</subfield>
    <subfield code="c">2023</subfield>
  </datafield>
  <datafield tag="300" ind1=" " ind2=" ">
    <subfield code="a">1 recurso en l&#xED;nea (ix, 138 p&#xE1;ginas) :</subfield>
    <subfield code="b">ilustraciones, mapas, gr&#xE1;ficas, diagramas, tablas, fotos +</subfield>
  </datafield>
  <datafield tag="336" ind1=" " ind2=" ">
    <subfield code="2">rdacontent</subfield>
    <subfield code="a">texto</subfield>
    <subfield code="b">txt</subfield>
  </datafield>
  <datafield tag="337" ind1=" " ind2=" ">
    <subfield code="2">rdamedia</subfield>
    <subfield code="a">computadora</subfield>
    <subfield code="b">c</subfield>
  </datafield>
  <datafield tag="338" ind1=" " ind2=" ">
    <subfield code="2">rdacarrier</subfield>
    <subfield code="a">recurso en l&#xED;nea</subfield>
    <subfield code="b">cr</subfield>
  </datafield>
  <datafield tag="502" ind1=" " ind2=" ">
    <subfield code="a">Tesis</subfield>
    <subfield code="b">IA</subfield>
    <subfield code="c">Agroindustrias</subfield>
    <subfield code="d">2023.</subfield>
    <subfield code="g">LIC</subfield>
  </datafield>
  <datafield tag="504" ind1=" " ind2=" ">
    <subfield code="a">Bibliograf&#xED;a: p&#xE1;ginas 109-116</subfield>
  </datafield>
  <datafield tag="520" ind1=" " ind2="3">
    <subfield code="a">El Quesillo de Reyes, Etla, Oaxaca es un producto que posee caracter&#xED;sticas sensoriales &#xFA;nicas por su largo proceso de fermentaci&#xF3;n adem&#xE1;s su tipicidad es conferida por la leche que se produce en la regi&#xF3;n diferenciando al producto final de cualquier otro en el pa&#xED;s, seg&#xFA;n lo obtenido en el estudio del Sistema Agroindustrial Leche-Quesillo (SAI). Se elabor&#xF3; Quesillo en Reyes, Etla, Oaxaca siguiendo el m&#xE9;todo tradicional en el cual se espera que la pasta fermente de manera natural y la v&#xED;a en la que se agrega un serofermento el cual puede ser leche de una orde&#xF1;a pasada o suero. En la pasta quesera se evalu&#xF3; el tratamiento t&#xE9;rmico durante el malaxado, as&#xED; como su cin&#xE9;tica de fermentaci&#xF3;n; en el Quesillo se valor&#xF3; sus propiedades fisicoqu&#xED;micas y microbiol&#xF3;gicas en cada tratamiento (con y sin serofermento) durante su almacenamiento para realizar lecturas los d&#xED;as 2, 5, 8, 11 y 14 posteriores a su elaboraci&#xF3;n. Las variables se analizaron bajo un modelo estad&#xED;stico de parcelas divididas con un nivel de significancia de 0.05 en el programa RStudio versi&#xF3;n 3.3. Por otra parte, se estudi&#xF3; el Sistema Agroindustrial del Quesillo para conocer la situaci&#xF3;n de la actividad quesera actualmente.  
Todos los recuentos microbiol&#xF3;gicos (bacterias mes&#xF3;filas aerobias, bacterias coliformes totales, mohos y levaduras y bacterias &#xE1;cido-l&#xE1;cticas) no fueron estad&#xED;sticamente significativos, es decir, el serofermento no tuvo efecto en el conteo. Los par&#xE1;metros de coliformes totales y mohos y levaduras se encontraron fuera de las especificaciones de la NOM-243-SSA1-2010. Los resultados mostraron que las pr&#xE1;cticas de higiene en la elaboraci&#xF3;n de Quesillo son deficientes. 
El tratamiento t&#xE9;rmico de la pasta en el malaxado no fue suficiente para inactivar a M. bovis. La calidad composicional de Quesillo no fue la mejor ya que es deficiente en grasa y su porcentaje de humedad esta por arriba seg&#xFA;n lo establecido en la NMX-F733-COFOCALEC-2013, pero el contenido de prote&#xED;na es superior a lo m&#xED;nimo requerido. 
Las consecuencias que tuvo la actividad quesera en Reyes, Etla, por la contingencia sanitaria, fueron principalmente la disminuci&#xF3;n de la producci&#xF3;n y venta y baja o nula atenci&#xF3;n a la Uni&#xF3;n de Productores de Queso y Quesillo de Reyes, Etla, Oaxaca. </subfield>
  </datafield>
  <datafield tag="520" ind1=" " ind2="3">
    <subfield code="a">The Quesillo from Reyes, Etla, Oaxaca is a product that has unique sensory characteristics due to its long fermentation process in addition its typicity is conferred by the milk produced in the region differentiating the final product from any other in the country, as obtained in the study of the Milk-Quesillo Agroindustrial System (SAI). Quesillo was made in Reyes, Etla, Oaxaca following the traditional method in which the pasta is fermented naturally and the way in which native starter culture is added which can be a back- sloping or whey. In the cheese mass, the heat treatment during malaxing was evaluated, as well as its fermentation kinetics; in the Quesillo its physicochemical and microbiological properties were assessed in each treatment (with and without ferment) during storage to take readings on days 2, 5, 8, 11 and 14 after its preparation. The variables were analyzed under a statistical model of divided plots with a significance level of 0.05 in the RStudio version 3.3. On the other hand, the Quesillo Agroindustrial System was studied to know the situation of the cheese activity currently.  
All microbiological counts (aerobic mesophilic bacteria, total coliform bacteria, molds and yeasts, and lactic acid bacteria) were not statistically significant, i.e., the ferment had no effect on the count. The parameters of total coliforms and molds and yeasts were found outside the specifications of NOM-243-SSA1-2010. The results showed that hygiene practices in the elaboration of Quesillo are deficient. 
The heat treatment of the paste in the stretching was not sufficient to inactivate M. bovis. The compositional quality of Quesillo was not the best since it is deficient in fat and its moisture percentage is above as established in NMX-F-733-COFOCALEC2013, but the protein content is higher than the minimum required.  
The consequences of the cheese activity in Reyes, Etla, Oaxaca due to the health contingency, were mainly the decrease in production and sale and low or no attention to the Union of Cheese and Cheese Producers of Reyes, Etla, Oaxaca. </subfield>
  </datafield>
  <datafield tag="650" ind1="1" ind2="3">
    <subfield code="9">142512</subfield>
    <subfield code="a">Quesos</subfield>
    <subfield code="x">Bacteriolog&#xED;a</subfield>
    <subfield code="2">atg</subfield>
  </datafield>
  <datafield tag="650" ind1="1" ind2="3">
    <subfield code="9">142991</subfield>
    <subfield code="a">Fabricaci&#xF3;n de queso</subfield>
  </datafield>
  <datafield tag="650" ind1="1" ind2="3">
    <subfield code="9">160633</subfield>
    <subfield code="a">Quesos</subfield>
    <subfield code="x">Contenido de nutrientes  </subfield>
    <subfield code="2">atg</subfield>
  </datafield>
  <datafield tag="650" ind1="1" ind2="3">
    <subfield code="9">148387</subfield>
    <subfield code="a">Cheeses  </subfield>
    <subfield code="x">Bacteriology</subfield>
    <subfield code="2">atg</subfield>
  </datafield>
  <datafield tag="650" ind1="1" ind2="3">
    <subfield code="9">146964</subfield>
    <subfield code="a">Cheesemaking</subfield>
    <subfield code="2">atg</subfield>
  </datafield>
  <datafield tag="650" ind1="1" ind2="3">
    <subfield code="9">160631</subfield>
    <subfield code="a">Cheeses</subfield>
    <subfield code="x">Nutrient content   </subfield>
    <subfield code="2">atg</subfield>
  </datafield>
  <datafield tag="700" ind1="1" ind2=" ">
    <subfield code="9">188647</subfield>
    <subfield code="a">Mart&#xED;nez Santiago, Karol Yesenia</subfield>
    <subfield code="e">autora</subfield>
  </datafield>
  <datafield tag="700" ind1="1" ind2=" ">
    <subfield code="9">76348</subfield>
    <subfield code="a">M&#xE1;rquez Roa, Laura Mart&#xED;n</subfield>
    <subfield code="e">directora</subfield>
  </datafield>
  <datafield tag="700" ind1="1" ind2=" ">
    <subfield code="9">185141</subfield>
    <subfield code="a">Villegas de Gante, Abraham Zacarias</subfield>
    <subfield code="e">asesor</subfield>
  </datafield>
  <datafield tag="700" ind1="1" ind2=" ">
    <subfield code="9">113948</subfield>
    <subfield code="a">Toriz Robles, Nancy</subfield>
    <subfield code="e">asesora</subfield>
  </datafield>
  <datafield tag="856" ind1="4" ind2="0">
    <subfield code="u">http://10.13.5.2/tesis/tl/1410306-6_Y_1411545-1_CAMARILLO_ALVAREZ_SANDRA_Y_MARTINEZ_SANTIAGO_KAROLYESENIA.pdf</subfield>
    <subfield code="y">DESCARGAR PDF</subfield>
  </datafield>
  <datafield tag="942" ind1=" " ind2=" ">
    <subfield code="2">Clasificaci&#xF3;n Universidad Aut&#xF3;noma Chapingo</subfield>
    <subfield code="c">TD</subfield>
  </datafield>
  <datafield tag="999" ind1=" " ind2=" ">
    <subfield code="c">219633</subfield>
    <subfield code="d">219633</subfield>
  </datafield>
  <datafield tag="952" ind1=" " ind2=" ">
    <subfield code="0">0</subfield>
    <subfield code="1">0</subfield>
    <subfield code="2">local</subfield>
    <subfield code="4">0</subfield>
    <subfield code="7">0</subfield>
    <subfield code="8">TesDigL</subfield>
    <subfield code="a">IA_</subfield>
    <subfield code="b">IA_</subfield>
    <subfield code="c">E_L</subfield>
    <subfield code="d">2024-06-07</subfield>
    <subfield code="e">El autor</subfield>
    <subfield code="l">0</subfield>
    <subfield code="p">1201013857</subfield>
    <subfield code="r">2024-06-07 00:00:00</subfield>
    <subfield code="w">2024-06-07</subfield>
    <subfield code="y">TD</subfield>
  </datafield>
</record>
